000 04177nab a2200277 i 4500
003 BR-BrBNA
005 20250603213645.0
008 250603b2018 bl.mr|pooa||| 00| 0 eng |
040 _aBR-BrBNA
_beng
072 _aP33
100 _aCosta, Lidiane Martins da
100 _aDrescher, Marta Sandra
245 _aImplications of agricultural management on the epigeic fauna and soil physical properties of a clayey Oxisol
500 _aPublicação on-line; 39 ref.; 2 tables; Sumaries (En, Pt)
520 _a ABSTRACT - Implications of agricultural management on the epigeic fauna and soil physical properties of a clayey Oxisol The intensive use of land based on non-conservation practices contributes to the reduction of soil quality. In this sense, the objective of this work was to evaluate the influence of farming systems on clayey Oxisol in the northwest of the state of Rio Grande do Sul on the epigeic fauna and on the soil physical properties. The treatments were composed of land use with Native field, Pasture, Transition, Crop and livestock integration, No-tillage and No-tillage system. The epigeic fauna was evaluated by the installation of seven traps per treatment. The physical properties of density, total porosity, microporosity, macroporosity and soil resistance to penetration were evaluated in samples with undisturbed structure at the 0- 0.07, 0.07-0.15 and 0.15- 0.22m depths, with four replicates. The results indicated that land use only for crop production reduced the abundance of organisms in comparison to the crop-livestock integration. The conversion of the Pampa Biome to the crop system altered its soil physical and biological properties with the transition area presenting intermediate characteristics to both environments. Grazing in the remaining areas of the Pampa Biome, without native field improvement strategies, reduced species abundance and richness. No-tillage and No-tillage system promoted the compaction of the 0.07 -0.15 m layer in a clayey Oxisol. Keywords: anthropic perturbations; soil quality; sustainability.
520 _a RESUMO - O uso intensivo da terra alicerçado em práticas não conservacionistas, tem contribuído para a redução da qualidade do solo. Nesse sentido, o trabalho objetiva avaliar a influência de sistemas de produção agropecuária praticados em Latossolo argiloso no noroeste do estado do Rio Grande do Sul sobre a fauna epigeica e propriedades físicas do solo. Os tratamentos foram compostos pelo uso do solo com campo nativo, pastagem perene, transição, sistema integração lavoura pecuária, plantio direto e sistema plantio direto. A fauna epigeica foi avaliada pela instalação de sete armadilhas por tratamento. As propriedades físicas de densidade, porosidade total, microporosidade, macroporosidade e resistência do solo a penetração, foram avaliadas em amostras com estrutura indeformada nas profundidades de 0- 0.07, 0.07-0.15 e 0,15 a 0,22 m, com quatro repetições. Os resultados obtidos indicaram que o uso do solo apenas agrícola reduziu à abundância de organismos em comparação a integração lavoura-pecuária. A conversão do Bioma Pampa para lavoura alterou as propriedades físicas e biológicas do solo, com a área de transição apresentando características intermediárias aos dois ambientes. O pastejo em áreas remanescentes do Bioma Pampa, sem estratégias de melhoramento do campo nativo, diminuiu a abundância e riqueza de espécies. O Plantio Direto e Sistema Plantio Direto promoveram a compactação da camada entre 0,07 a 0,15 m do Latossolo argiloso. Palavras-chave: perturbações antrópicas; qualidade do solo; sustentabilidade.
650 _aANÁLISE DO SOLO
650 _aQUALIDADE
650 _aMICROBIOLOGIA DO SOLO
650 _aSUSTENTABILIDADE
650 _aPROPRIEDADE FÍSICO-QUÍMICA
773 0 _0788
_9345079
_dViçosa-MG Universidade Federal de Viçosa 1944
_o2024-5496
_tRevista Ceres (Brazil)
_x0034-737X
_gv. 65 (5) p. 443-449; (2018)
_wBR2025001391
856 _uhttps://www.scielo.br/j/rceres/a/SJ7zSxpxcHGrQYdpDhwVKvj/?format=pdf&lang=en
942 _cANA
999 _c331878
_d331878